00569nam a2200241Ia 450000500170000000800460001702000180006303700100008104000080009104000080009904000080010704100080011504100080012308400080013110000200013924500270015924500430018626000230022926000090025236500050026136500080026685600530027420260324141556.0008 260324s9999 xx 000 0 eng d a9780429315268 aEBOOK aCRL beng cCRL 2eng aeng qCRL aMark Gottdiener 4aThe Theming Of America 0bDreams, Visions, And Commercial Spaces bTaylor and Francis c1997 a b230 uhttp://www.taylorfrancis.com/books/9780429315268